000 00676nam a2200241Ia 4500
003 OSt
005 20221005032001.0
006 a|||||r|||| 00| 0
007 ta
008 221004b |||||||| |||| 00| 0 tam d
024 _a64135
037 _cTextual
040 _aCRL
_cCRL
_btam
041 _2tam
_atam
082 _aO31,3N201x, K5
100 _aArvi Au.
_9584043
245 0 _aSivappu Vizhakku
_b (Sirukathai, Kurunaavalkal)
260 _aChennai
_bThamil Ezhuthaazhar Kootturavu Sangam Ltd. India
_c1965
300 _a192p.
_ccm.
650 _aTAMIL LITERATURE
942 _hO31,3N201x, K5
_cTEXL
_2cc
999 _c938849
_d938849